00302nam a2200121Ia 4500008004100000100002000041245003300061260004100094300000900135650001200144942000700156999001700163190216s9999||||xx |||||||||||||| ||und|| aSamuel S M Wong 0aIntroductory Nuclear Physics bPrentice Hall Of India Pvt Ltdc2002 a486p aPhysics cBK c34132d34132